00282nam a2200121Ia 4500003000400000005001700004008004100021020001500062040001000077100001700087245003600104260002000140OSt20240312151013.0170524s9999 xx 000 0 und d a9352605411 cIIMTU aBhole- L. M. 0aFinancial Institution & Markets bNEW DELHI : TMH